Geometría fractal /
Guardado en:
| Autor Principal: | |
|---|---|
| Otros Autores: | , |
| Formato: | Libro |
| Idioma: | Spanish |
| Publicado: |
Buenos Aires :
Nueva Librería,
c1993.
|
| Etiquetas: |
Agregar Etiqueta
Sin Etiquetas, Sea el primero en etiquetar este registro!
|
| LEADER | 00926nam a22002055a 4500 | ||
|---|---|---|---|
| 001 | MAT.inmabb003347 | ||
| 008 | 051109s1993####ag#a#####b####000#0#spa#d | ||
| 005 | 20130221164922.0 | ||
| 245 | 1 | 0 | |a Geometría fractal / |c Vera W. de Spinadel, Jorge G. Perera, Jorge H. Perera. |
| 260 | |a Buenos Aires : |b Nueva Librería, |c c1993. | ||
| 300 | |a 193 p. : |b il. ; |c 21 cm + |e 1 disquete de 5¼. | ||
| 500 | |a Basado en un curso dictado por V. W. de Spinadel en la Universidad Nacional de Santiago del Estero en 1992. | ||
| 500 | |a El texto incluye el código fuente de los programas en lenguaje C usados para generar las gráficas, y el disquete incluye las versiones ejecutables. | ||
| 504 | |a Bibliografía: p. 63-64. | ||
| 020 | |a 9509088579 | ||
| 100 | 1 | |a Spinadel, Vera W. de. | |
| 700 | 1 | |a Perera, Jorge G. |q (Jorge Gustavo) | |
| 700 | 1 | |a Perera, Jorge H. |q (Jorge Hernán) | |
| 084 | |a 28A80 |2 msc2000 | ||
| 859 | |h 28 |i Sp757 |p A-6893 |b BIB. MATEMATICA | ||
